000 01690cam a22003615a 4500
001 15663457
005 20160721153108.0
008 090317s2010 njuab frbd 001 0 eng d
010 _a2009011329
015 _aGBA951247
_2bnb
016 7 _a015265245
_2Uk
020 _a013502434X
020 _a9780135024348
035 _a(OCoLC)ocn316514582
040 _aDLC
_cDLC
_dEG-ScBUE
_dDLC
_beng
043 _an-us---
082 0 4 _a349.73
_222
_bHAM
100 1 _aHames, Joanne Banker.
_922944
245 1 0 _aIntroduction to Law /
_cJoanne Banker Hames, Yvonne Ekern.
250 _a4th ed.
260 _aUpper Saddle River, N.J. :
_bPrentice Hall,
_cc.2010.
300 _axxii, 573 p. :
_bill., map ;
_c28 cm.
500 _aIndex : p. 567-573.
500 _aGlossary : p. 557-566.
504 _aIncludes bibliographical references.
505 0 _aIntroduction to law -- The U.S. legal system -- The courts and legal personnel -- Finding the law : legal research -- Using the law : analysis and legal writing -- Constitutional law -- Tort law, workers' compensation and environmental law -- Family law -- Wills, trust, and probate -- Contract, real property, intellectual property, and employment law -- The law of business organizations and bankruptcy -- Civil procedure before trial -- Alternative dispute resolution -- Criminal practice : criminal law and juvenile law -- Criminal procedure before trial -- Rules of evidence -- The trial.
650 7 _aLegal assistants
_2BUEsh
_zUnited States.
_922945
650 7 _aLaw
_2BUEsh
_zUnited States.
_922946
651 _2BUEsh
653 _bLLAAWW
_cJuly2016
700 1 _aEkern, Yvonne.
_922947
942 _2ddc
_cBB
_e22
_k349.73 HAM
999 _c15083
_d15083